000 00350 a2200169 4500
001 184317
020 _a85-357-0411-6
040 _cMagnum
100 _aJose, Elias
240 1 0 _aDe amora e amor
_lpor
245 1 0 _aDe amora e amor
300 _a56
362 0 _a2004
440 1 _aAtual Editora
697 _aLITERATURA JUVENIL
942 _cBK
999 _c184317
_d184317